Statistics for ESwatini (Swaziland) Country Quiz

Click here to take the quiz!

General Stats

  • This quiz has been taken 184 times
  • The average score is 12 of 19

Answer Stats

HintAnswer% Correct
South Africa
91%
Union that the Swazis resisted joiningUnion of South Africa
91%
Is Polygamy permitted in Swaziland?Yes
90%
English
88%
Countries surrounding SwazilandMozambique
87%
Colours featured on the flagRed
86%
Blue
85%
Form of GovernmentAbsolute monarchy
79%
Capital CityMbabane/Lobamba
78%
Yellow
64%
Currency to which it^ is peggedSouth African Rand
62%
National languagesSwazi
60%
Symbols on the flagSwazi Shield
56%
Year of Independence1968
53%
Two Spears
47%
Symbol of the KingLion
41%
Symbol of the Queen MotherElephant
39%
Name of the CurrencyLilangeni
20%
Name of the national "Kingship" festivalIncwala
12%

Score Distribution

Percentile by Number Answered

Percent of People with Each Score

Your Score History

You have not taken this quiz